[Event "RSA-chT U20"]
[Site "Boksburg"]
[Date "2020.01.04"]
[Round "1.3"]
[White "Ramatseliso, Thabiso"]
[Black "Mampane, Mohlomphegi"]
[Result "1-0"]
[WhiteElo "1723"]
[BlackElo "1436"]
[PlyCount "59"]
[EventDate "2020.01.04"]
[EventType "team-tourn"]
[EventRounds "7"]
[EventCountry "RSA"]
[SourceTitle "CBM 194 Extra"]
[Source "ChessBase"]
[SourceDate "2020.03.31"]
[SourceVersion "1"]
[SourceVersionDate "2020.03.31"]
[SourceQuality "1"]
[WhiteTeam "Johannesburg Metro U20"]
[BlackTeam "Capricorn U20"]
[WhiteTeamCountry "RSA"]
[BlackTeamCountry "RSA"]

1. d4 d5 2. c4 e6 3. Nc3 Nf6 4. Bg5 Be7 5. e3 b6 6. cxd5 exd5 7. Bd3 h6 8. Bh4 Be6 9. Nf3 Nbd7 10. 0-0 Bg4 11. Be2 c6 12. Qc2 Rc8 13. Rfd1 0-0 14. Rac1 Re8 15. Qa4 a5 16. Bg3 Nh5 17. Ba6 Nxg3 18. Bxc8 b5 19. Qc2 Bf5 20. Qd2 Ne4 21. Nxe4 dxe4 22. Bxd7 exf3 23. Bxf5 Bd6 24. g3 h5 25. Rxc6 Qf6 26. Rc8 Rxc8 27. Bxc8 h4 28. e4 Bb4 29. Qf4 Qc6 30. Rc1 1-0

[Event "RSA-chT U20"]
[Site "Boksburg"]
[Date "2018.01.06"]
[Round "5.3"]
[White "Ramatseliso, Thabiso"]
[Black "Acar, Cameron Gavin"]
[Result "1/2-1/2"]
[WhiteElo "1552"]
[BlackElo "1259"]
[PlyCount "70"]
[EventDate "2018.01.04"]
[EventType "team-tourn"]
[EventRounds "7"]
[EventCountry "RSA"]
[SourceTitle "CBM 182 Extra"]
[Source "ChessBase"]
[SourceDate "2018.02.23"]
[SourceVersion "1"]
[SourceVersionDate "2018.02.23"]
[SourceQuality "1"]
[WhiteTeam "Ekurhuleni U20"]
[BlackTeam "Nelson Mandela Bay U20"]
[WhiteTeamCountry "RSA"]
[BlackTeamCountry "RSA"]

1. d4 Nf6 2. e3 g6 3. c4 Bg7 4. Nc3 0-0 5. Bd3 d6 6. Nge2 Nc6 7. a3 e5 8. d5 Ne7 9. e4 a5 10. 0-0 Nd7 11. f3 Nc5 12. Bc2 f5 13. Be3 fxe4 14. fxe4 Nd7 15. Qd2 Nf6 16. Bh6 Bg4 17. Bxg7 Kxg7 18. Kh1 Qd7 19. Ng1 Nh5 20. Ba4 Qc8 21. Rxf8 Qxf8 22. Qg5 Bc8 23. Nge2 h6 24. Qh4 Qf6 25. Qxf6+ Nxf6 26. h3 b6 27. Bc2 Bb7 28. Nb5 Rc8 29. b4 Ba6 30. bxa5 bxa5 31. a4 Nd7 32. Rb1 Nc5 33. Nec3 Ng8 34. Na7 Ra8 35. Nab5 Rc8 1/2-1/2

[Event "RSA-ch U16"]
[Site "Gauteng"]
[Date "2017.04.05"]
[Round "1"]
[White "Ramatseliso, Thabiso"]
[Black "Du Plessis, Jan"]
[Result "1/2-1/2"]
[WhiteElo "1844"]
[BlackElo "1440"]
[PlyCount "77"]
[EventDate "2017.04.05"]
[EventType "swiss"]
[EventRounds "11"]
[EventCountry "RSA"]
[SourceTitle "CBM 177 Extra"]
[Source "ChessBase"]
[SourceDate "2017.04.27"]
[SourceVersion "1"]
[SourceVersionDate "2017.04.27"]
[SourceQuality "1"]

1. d4 d5 2. e3 Nf6 3. Bd3 Nc6 4. f4 g6 5. c3 Bg7 6. Nd2 Nd7 7. Ngf3 f6 8. 0-0 0-0 9. Qb3 Nb6 10. e4 Kh8 11. e5 fxe5 12. fxe5 Bf5 13. Qc2 e6 14. Nb3 Nc4 15. Nc5 Qe7 16. Bg5 Qe8 17. Bxf5 Rxf5 18. b3 N4a5 19. b4 Nc4 20. Nxb7 Rb8 21. Nc5 h6 22. Bd2 Qe7 23. Rae1 a5 24. Qa4 Rb6 25. Re2 axb4 26. cxb4 Nxd2 27. Rxd2 Nxb4 28. Rdf2 Nc6 29. g4 Rf4 30. h3 Nxd4 31. Qa3 Nxf3+ 32. Rxf3 Rxf3 33. Rxf3 Bxe5 34. Qc1 Bd4+ 35. Kf1 Bxc5 36. Qxh6+ Qh7 37. Rf8+ Bxf8 38. Qxf8+ Qg8 39. Qh6+ 1/2-1/2

[Event "RSA-chT U16"]
[Site "Cape Town"]
[Date "2016.01.05"]
[Round "4.5"]
[White "Flores Bartoli, Andrew"]
[Black "Ramatseliso, Thabiso"]
[Result "0-1"]
[WhiteElo "1550"]
[BlackElo "1528"]
[PlyCount "124"]
[EventDate "2016.01.04"]
[EventType "team-tourn"]
[EventRounds "7"]
[EventCountry "RSA"]
[SourceTitle "CBM 170 Extra"]
[Source "ChessBase"]
[SourceDate "2016.02.25"]
[SourceVersion "1"]
[SourceVersionDate "2016.02.25"]
[SourceQuality "1"]
[WhiteTeam "Western Province"]
[BlackTeam "Johannesburg Metro"]
[WhiteTeamCountry "RSA"]
[BlackTeamCountry "RSA"]

1. e4 c5 2. Nf3 d6 3. Bb5+ Bd7 4. Bxd7+ Nxd7 5. 0-0 Ngf6 6. Re1 g6 7. c3 Bg7 8. d4 cxd4 9. cxd4 0-0 10. Nc3 a6 11. Bg5 e5 12. Qd2 Qb6 13. Rac1 Rfe8 14. dxe5 dxe5 15. b3 Rec8 16. Nd5 Nxd5 17. Qxd5 Rxc1 18. Rxc1 Nf6 19. Bxf6 Bxf6 20. Qc5 Qe6 21. h3 Be7 22. Qc7 Ba3 23. Rc2 Qe7 24. Kf1 Qb4 25. Qc4 Qe7 26. Nd2 Bb4 27. Ke2 Rd8 28. Nf3 Qd6 29. Nxe5 Qd1+ 30. Ke3 Bd2+ 31. Rxd2 Qxd2+ 32. Kf3 Rf8 33. a4 Qd6 34. Ng4 h5 35. Ne3 Qf6+ 36. Ke2 Qg5 37. g3 b5 38. axb5 axb5 39. Qd5 Qxd5 40. exd5 Rc8 41. Kd2 Kf8 42. g4 hxg4 43. hxg4 Ke7 44. f4 Kd6 45. b4 Re8 46. Kd3 Rxe3+ 47. Kxe3 Kxd5 48. Kd3 f6 49. Ke3 Kc4 50. Ke4 Kxb4 51. Kd5 Kc3 52. Ke6 b4 53. Kxf6 b3 54. Kxg6 b2 55. f5 b1Q 56. g5 Kd4 57. Kh6 Qxf5 58. g6 Ke5 59. g7 Kf6 60. g8N+ Kf7 61. Nf6 Qxf6+ 62. Kh5 Qg7 0-1

[Event "RSA-chT U16"]
[Site "Cape Town"]
[Date "2016.01.05"]
[Round "3.5"]
[White "Ramatseliso, Thabiso"]
[Black "Dayaram, Kshanik"]
[Result "1-0"]
[WhiteElo "1528"]
[BlackElo "1468"]
[PlyCount "81"]
[EventDate "2016.01.04"]
[EventType "team-tourn"]
[EventRounds "7"]
[EventCountry "RSA"]
[SourceTitle "CBM 170 Extra"]
[Source "ChessBase"]
[SourceDate "2016.02.25"]
[SourceVersion "1"]
[SourceVersionDate "2016.02.25"]
[SourceQuality "1"]
[WhiteTeam "Johannesburg Metro"]
[BlackTeam "Ethekwini"]
[WhiteTeamCountry "RSA"]
[BlackTeamCountry "RSA"]

1. d4 Nf6 2. e3 g6 3. Bd3 Bg7 4. c4 d6 5. Nc3 0-0 6. Nge2 Nc6 7. a3 e5 8. 0-0 Re8 9. Bc2 Nd7 10. d5 Ne7 11. e4 f5 12. f3 Nf6 13. b4 c6 14. Be3 a6 15. Rc1 fxe4 16. fxe4 Ng4 17. Bg5 h6 18. Bxe7 Rxe7 19. Qd3 Nf6 20. h3 Bd7 21. dxc6 Bxc6 22. Nd5 Nxd5 23. exd5 Bd7 24. Qxg6 e4 25. Bxe4 Rxe4 26. Qxe4 Qg5 27. Qf4 Qg6 28. Qg3 Qe4 29. Qxd6 Bf5 30. Qf4 Qxf4 31. Rxf4 Bd7 32. Rcf1 Be8 33. Nd4 Bxd4+ 34. Rxd4 Bd7 35. Rdf4 Be8 36. Rf8+ Kg7 37. c5 Rc8 38. d6 Kg6 39. Re1 Bd7 40. Rxc8 Bxc8 41. Re7 1-0

[Event "Johannesburg Tsogo Sun op"]
[Site "Johannesburg"]
[Date "2015.07.16"]
[Round "3"]
[White "Oberholzer, Francois"]
[Black "Ramatseliso, Thabiso"]
[Result "1-0"]
[WhiteElo "1930"]
[BlackElo "1350"]
[PlyCount "47"]
[EventDate "2015.07.15"]
[EventType "swiss"]
[EventRounds "9"]
[EventCountry "RSA"]
[SourceTitle "CBM 167 Extra"]
[Source "ChessBase"]
[SourceDate "2015.09.14"]
[SourceVersion "1"]
[SourceVersionDate "2015.09.14"]
[SourceQuality "1"]

1. e4 c5 2. Nf3 Nc6 3. c3 g6 4. d4 cxd4 5. cxd4 Bg7 6. Nc3 e6 7. d5 exd5 8. exd5 Ne5 9. d6 Nxf3+ 10. Qxf3 Qf6 11. Bf4 g5 12. Qe3+ Qe6 13. Bxg5 Be5 14. Nb5 Kf8 15. Bc4 Qxc4 16. Qxe5 Qe6 17. Qxe6 fxe6 18. 0-0-0 h6 19. Be3 b6 20. Nc7 Rb8 21. Rd3 Kf7 22. Bd4 Rh7 23. Rf3+ Kg6 24. Rf8 1-0